000 01049cam a22002411i 4500
003 SA-RiAUC
005 20251228065905.0
008 251222s1986 su a g f000 0 ara c
040 _aSD-OmOIU
_bara
_cSA-RiAUC
_erda
082 0 4 _a745.6191
_qSA-RiAUC
090 _a745.6191
_bم ر ك
110 2 _aمركز الملك فيصل للبحوث والدراسات الإسلامية
_eمؤلف.
245 1 2 _aالخط العربي من خلال المخطوطات /
_cمركز الملك فيصل للبحوث والدراسات الإسلامية.
264 1 _aالرياض :
_bمركز الملك فيصل للبحوث والدراسات الإسلامية،
_c1986
300 _a144 صفحة :
_bإيضاحيات ؛
_c28 سم
336 _aنص
_btxt
_2rdacontent
_3كتاب
337 _aبدون وسيط
_bn
_2rdamedia
338 _aمجلد
_bnc
_2rdacarrier
650 7 _aالخط العربي
_xتاريخ
_2aucsh
650 7 _aالمخطوطات العربية
_2aucsh
942 _2ddc
_cBOOK
_n0
949 _aSA-JeALM
_d251222
_umohamedma123
_n1
999 _c13728
_d13728